00258nam a2200121Ia 4500100002400000650001200024366000900036245002600045260002500071082002000096300000800116546001200124 aMahapragya/Acharya  aGeneral f17.5 aThe family and nation bHarper collinsc2008 a320.11/MAHbMAH a213 aENGLISH